El trabajo forzoso de los indígenas en la política colonial guatemalteca (Siglo XVII)

Guardat en:
Dades bibliogràfiques
Autor principal: Stephen Webre
Format: Desconegut
Publicat: San José, Costa Rica: Editorial de la Universidad de Costa Rica,
Matèries:
Etiquetes: Afegir etiqueta
Sense etiquetes, Sigues el primer a etiquetar aquest registre!

MARC

LEADER 000000000a22000000004500
001 000227
041 0 |a español 
100 1 |a Stephen Webre 
245 1 0 |a El trabajo forzoso de los indígenas en la política colonial guatemalteca (Siglo XVII) 
260 |a San José, Costa Rica:   |b Editorial de la Universidad de Costa Rica, 
650 4 |a GUATEMALA 
650 4 |a EXPLOTACION INDIGENA 
650 4 |a ESPAÑOLES 
650 4 |a SIGLO XVIII 
773 0 |t Anuario de Estudios Centroamericanos 
773 0 |g 13 
773 0 |g 2 
773 0 |g 1987 
773 0 |g 49-61 
999 |c 849  |d 849